| 000 | 00488nam a2200181Ia 4500 | ||
|---|---|---|---|
| 008 | 240729s9999 xx 000 0 und d | ||
| 022 | _a1600-0587 | ||
| 245 | 0 | _aEcography | |
| 260 | _aUnited Kingdom | ||
| 260 | _bWiley | ||
| 650 | _a Biology (General) | ||
| 650 | _a Ecology | ||
| 650 | _a Environmental sciences | Science | ||
| 650 | _aGeography. Anthropology. Recreation | ||
| 856 | _uhttps://doaj.org/toc/cdcc53d643cd4fdc84a9386d8c67bf71 | ||
| 942 | _2ddc | ||
| 942 | _cDOAJEJ | ||
| 999 |
_c72508 _d72508 |
||
| 945 |
_a1 _bMadushi Gamage _c1 _dMadushi Gamage |
||